Zhodnotenie dopadu hospodárskej krízy na vybrané krajiny EÚ

Zhodnotenie dopadu hospodárskej krízy na hospodárstvo SR. Dopad krízy na hospodárstvo Českej republiky, Poľska, Maďarska, Nemecka a Francúzska.

Salvato in:
Dettagli Bibliografici
Autore principale: Pétrová, Rozália
Altri autori: Meheš, Marek
Natura: Capitolo di libro
Lingua:slovacco
Soggetti:
Tags: Aggiungi Tag
Nessun Tag, puoi essere il primo ad aggiungerne!!

MARC

LEADER 00000naa a2200000 4500
001 0181408
005 20240502073119.3
041 0 |a slo 
044 |a SK 
245 1 0 |a Zhodnotenie dopadu hospodárskej krízy na vybrané krajiny EÚ  |c Rozália Pétrová, Marek Meheš 
520 |a Zhodnotenie dopadu hospodárskej krízy na hospodárstvo SR. Dopad krízy na hospodárstvo Českej republiky, Poľska, Maďarska, Nemecka a Francúzska. 
610 2 0 |a kríza hospodárska 
610 2 0 |a Slovensko 
610 2 0 |a Česko 
610 2 0 |a Poľsko 
610 2 0 |a Maďarsko 
610 2 0 |a Nemecko 
610 2 0 |a Francúzsko 
610 2 0 |a vývoj hospodársky 
100 1 |a Pétrová, Rozália 
700 1 |a Meheš, Marek